| 000 | 00561nam a22001937a 4500 | ||
|---|---|---|---|
| 003 | 0 | ||
| 005 | 20231221124426.0 | ||
| 008 | 231221b xxu||||| |||| 00| 0 eng d | ||
| 020 | _a978-1-5382-1746-7 | ||
| 050 |
_aTR _bIkn26 2019 |
||
| 082 |
_aTR _bIkn26 2019 |
||
| 100 | _aLittle, Richard | ||
| 245 |
_aI know halves and wholes _cRichard Little |
||
| 260 |
_aNew York _bGareth Stevens Publishing _cc2019. |
||
| 300 |
_a23 pages : _bcolored illustrations ; _c21cm. |
||
| 440 | _aWhat i know | ||
| 650 | _aFractions--Juvenile literature. | ||
| 942 |
_2ddc _cBK |
||
| 999 |
_c365765 _d365765 |
||